Grandeza y decadencia de los almorávides mallorquines (Record no. 138538)

MARC details
000 -LEADER
campo de control de longitud fija 00671nam a2200193 i 4500
001 - NÚMERO DE CONTROL
campo de control 138538
003 - IDENTIFICADOR DE NÚMERO DE CONTROL
campo de control ES-MaACL
005 - FECHA Y HORA DE LA ÚLTIMA TRANSACCIÓN
campo de control 20230906195602.0
007 - CAMPO FIJO DE DESCRIPCIÓN FÍSICA--INFORMACIÓN GENERAL
campo de control de longitud fija t|
008 - DATOS DE LONGITUD FIJA--INFORMACIÓN GENERAL
campo de control de longitud fija 070214s1964 sp r ||||1| spa d
100 1# - ENTRADA PRINCIPAL--NOMBRE DE PERSONA
Nombre de persona Sans Rosselló, Elviro.
9 (RLIN) 103208
245 10 - MENCIÓN DEL TÍTULO
Título Grandeza y decadencia de los almorávides mallorquines
Resto del título : (1116-1237) /
Mención de responsabilidad, etc. Elviro Sans Rosselló ; prólogo de Juan Pons y Marqués.
260 ## - PUBLICACIÓN, DISTRIBUCIÓN, ETC.
Lugar de publicación, distribución, etc. Palma de Mallorca :
Nombre del editor, distribuidor, etc. Cort,
Fecha de publicación, distribución, etc. 1964.
300 ## - DESCRIPCIÓN FÍSICA
Extensión 236 p. ;
Dimensiones 20 cm.
650 #4 - PUNTO DE ACCESO ADICIONAL DE MATERIA--TÉRMINO DE MATERIA
Término de materia o nombre geográfico como elemento de entrada Almorávides-
Subdivisión geográfica Mallorca.
9 (RLIN) 165595
651 #4 - PUNTO DE ACCESO ADICIONAL DE MATERIA--NOMBRE GEOGRÁFICO
Nombre geográfico Mallorca-
Subdivisión general Historia.
9 (RLIN) 9016
700 1# - ENTRADA AGREGADA--NOMBRE PERSONAL
Nombre de persona Pons i Marquès, Joan (
Fechas asociadas al nombre 1894-1971)
9 (RLIN) 172863
852 ## - LOCALIZACIÓN
Ubicación ES-MaACL
Número de control de estantería 56225
Sublocalización o colección R.27087
Holdings
Estatus retirado Estado de pérdida Estado de daño No para préstamo Biblioteca de origen Biblioteca actual Ubicación en estantería Fecha de adquisición Fuente de adquisición Total de préstamos Signatura topográfica completa Código de barras Visto por última vez Precio de reemplazo Tipo de ítem Koha
        Biblioteca del Ateneo de Madrid Biblioteca del Ateneo de Madrid Depósito 17/01/2008     56225 1144158 23/02/2023 23/02/2023 Libro impreso